Riconosci la Squadra di calcio - Quiz n°87 - Statistics

Statistiche generali
  • Questo quiz è stato fatto 13 volte
  • Il punteggio medio è 8 su 13
Statistiche sulle risposte
Indizio Risposta % Corretto
Colori sociali Nero, azzurro
100%
Divisione nazionale 2023-2024 Terza
92%
Simboli Torre civica, Leone alato
92%
Titoli nazionali 0
83%
Confederazione UEFA
75%
Trofei internazionali 0
58%
Fondazione 1945
58%
Trofei nazionali 1 Coppe Italia Serie C/Lega Pro
58%
Rifondazione 2006
50%
Rifondazione 2007
50%
Rifondazione 2017
50%
Capienza Stadio 9 310 posti
42%
Squadra Latina
33%
Nessun quiz corrispondente trovato
Distribuzione punteggi
Percentuale di utenti per punteggio
Percentile per numero di risposta
I tuoi punteggi nel tempo
Non hai fatto questo quiz